| 000 | 00798nam a2200229 i 4500 | ||
|---|---|---|---|
| 001 | 45310 | ||
| 003 | ES-MaACL | ||
| 005 | 20230906161209.0 | ||
| 007 | t| | ||
| 008 | 030325s1979 xxu b |||| | eng d | ||
| 020 | _a0-8240-9800-5 | ||
| 100 | 1 |
_aColecchia, Francesca. _939571 |
|
| 245 | 1 | 0 |
_aGarcía Lorca _b: a selectively annotated bibliography of criticism / _cFrancesca Colecchia, editor. |
| 260 |
_aNew York ; _aLondon : _bGarland, _c1979. |
||
| 300 |
_aXXVI, 313 p. ; _c23 cm. |
||
| 490 | 1 |
_aGarland reference library of the humanities ; _v143 |
|
| 500 | _aÍndice. | ||
| 600 | 1 | 7 |
_aGarcía Lorca, Federico, _d1898-1936- _vBibliografías _2 _9166602 |
| 830 | 0 |
_aGarland reference library of the humanities ; _v143 _9182051 |
|
| 852 |
_aES-MaACL _jL-10050 |
||
| 999 |
_c45310 _d45310 |
||